Las palabras y las cosas : (Registro nro. 1400)

Detalles MARC
000 -CABECERA
campo de control de longitud fija 00893nam a2200229Ia 4500
003 - IDENTIFICADOR DEL NÚMERO DE CONTROL
campo de control AR-RoIUNI
005 - FECHA Y HORA DE LA ÚLTIMA TRANSACCIÓN
campo de control 20210311135722.0
007 - CAMPO FIJO DE DESCRIPCIÓN FÍSICA--INFORMACIÓN GENERAL
campo de control de longitud fija ta
008 - DATOS DE LONGITUD FIJA--INFORMACIÓN GENERAL
campo de control de longitud fija 150616s2008 ag r 000 0 spa d
020 ## - NÚMERO INTERNACIONAL ESTÁNDAR DEL LIBRO
Número Internacional Estándar del Libro 9789876290500
040 ## - FUENTE DE LA CATALOGACIÓN
Centro/agencia transcriptor AR-RoIUNI
080 ## - NÚMERO DE LA CLASIFICACIÓN DECIMAL UNIVERSAL
Número de la Clasificación Decimal Universal 165
100 1# - ENTRADA PRINCIPAL--NOMBRE DE PERSONA
Nombre de persona Foucault, Michel,
Fechas asociadas al nombre 1926-1984.
9 (RLIN) 21
245 14 - MENCIÓN DE TÍTULO
Título Las palabras y las cosas :
Resto del título una arqueología de las ciencias humanas /
Mención de responsabilidad, etc. Michel Foucault.
250 ## - MENCIÓN DE EDICIÓN
Mención de edición 2a. ed. revisada y corregida.
260 ## - PUBLICACIÓN, DISTRIBUCIÓN, ETC. (PIE DE IMPRENTA)
Lugar de publicación, distribución, etc. Buenos Aires :
Nombre del editor, distribuidor, etc. Siglo Veintiuno,
Fecha de publicación, distribución, etc. 2010.
300 ## - DESCRIPCIÓN FÍSICA
Extensión 400 p. ;
Dimensiones 23 cm.
490 0# - MENCIÓN DE SERIE
Mención de serie Biblioteca clásica de siglo veintiuno
505 1# - NOTA DE CONTENIDO CON FORMATO
Nota de contenido con formato 1. Las meninas -- 2. La prosa del mundo -- 3. Representar -- 4. Hablar -- 5. Clasificar -- 6. Cambiar -- 7. Los límites de la representación -- 8. Trabajo, vida, lenguaje -- 9. El hombre y sus dobles -- 10. Las ciencias humanas.
650 #4 - PUNTO DE ACCESO ADICIONAL DE MATERIA--TÉRMINO DE MATERIA
Término de materia o nombre geográfico como elemento inicial PSICOLOGÍA
9 (RLIN) 108
942 ## - ELEMENTOS DE PUNTO DE ACCESO ADICIONAL (KOHA)
Tipo de ítem Koha Libros
Fuente del sistema de clasificación o colocación Clasificación Decimal Universal
Existencias
Estado de retiro Estado de pérdida Fuente del sistema de clasificación o colocación Estado dañado Excepción de préstamo Código de colección Localización permanente Ubicación/localización actual Ubicación en estantería Fecha de adquisición Número de inventario Total de préstamos Signatura topográfica completa Código de barras Fecha visto por última vez Fecha del último préstamo Número de copia Precio válido a partir de Tipo de ítem Koha Fuente de adquisición Coste, precio normal de compra Coste, precio de reemplazo
    Clasificación Decimal Universal     Psicología BIBLIOTECA RIOBAMBA BIBLIOTECA RIOBAMBA BIBLIOTECA RIOBAMBA 16/06/2015 1401 4 165 FOU 1401 23/05/2025 21/05/2025 1 16/06/2015 Libros      
    Clasificación Decimal Universal       BIBLIOTECA VENADO TUERTO BIBLIOTECA VENADO TUERTO BIBLIOTECA VENADO TUERTO 08/12/2019 6678   165 FOU 6678 12/12/2019     08/12/2019 Libros Compra 1149.00 1149.00
    Clasificación Decimal Universal       BIBLIOTECA VENADO TUERTO BIBLIOTECA VENADO TUERTO BIBLIOTECA VENADO TUERTO 27/08/2021 6960   165 FOU 6960 27/08/2021     27/08/2021 Libros Compra